Stavbou jednoduchých silážnych jam k zajištení krmivové základy JZD.

Uložené v:
Podrobná bibliografia
Médium: Kniha
Jazyk:Slovak
Vydané: 1951.
Fyzický popis: 8 s.
Tagy: Pridať tag
Žiadne tagy, Buďte prvý kto otaguje tento záznam!

MARC

LEADER 00000nam a22000004a 4500
001 000609727
005 20190218132354.0
008 190218s1951 xo e 000 0 slo d
040 |a SVKKK  |b slo  |c SVKKK  |e AACR2 
245 1 0 |a Stavbou jednoduchých silážnych jam k zajištení krmivové základy JZD. 
260 |c 1951. 
300 |a 8 s. 
500 |a Záznam revízie 
910 |a svkkk 
998 |a BK 
090 |g SCKHL  |k Sklad Pribinova 3. posch.  |a V.3136  |j 6006  |i 2720883514  |s Prezenčne